Statistics for UNESCO world eritage sites in Italy

Click here to take the quiz!

General Stats

  • This quiz has been taken 45 times
    (21 since last reset)
  • The average score is 19 of 58

Answer Stats

RegionAnswer% Correct
ToscanaHistoric Centre of Florence
93%
VenetoVenice and its Lagoone
87%
LazioHistoric Centre of Rome, the Properties of the Holy See in that City Enjoying Extraterritorial Rights and San Paolo Fuori le Mura
80%
ToscanaPiazza del Duomo, Pisa
80%
SiciliaArab-norman Palermo and the cathedral churches of Cefalù and Monreale
73%
CampaniaHistoric Centre of Naples
73%
CampaniaArchaeological Areas of Pompei, Herculaneum and Torre Annunziata
67%
VenetoCity of Verona
67%
LiguriaGenoa: Le Strade Nuove and the system of the Palazzi dei Rolli
67%
Trentino-Alto Adige/VenetoThe Dolomites
67%
Emilia-RomagnaPorticoes of Bologna
60%
CampaniaCostiera amalfitana
53%
SiciliaMount Etna
53%
LiguriaPortovenere, Cinque Terre, and the Islands (Palmaria, Tino and Tinetto)
53%
SiciliaSyracuse and the Rocky Necropolis of Pantalica
53%
ToscanaHistoric Centre of Siena
47%
VenetoCity of Vicenza and the Palladian Villas of the Veneto
40%
ToscanaHistoric Centre of San Gimignano
40%
LombardiaMantua and Sabbioneta
40%
SiciliaArchaeological Area of Agrigento
33%
PugliaCastel del Monte
33%
Emilia-RomagnaCathedral, Torre Civica and Piazza Grande, Modena
33%
Emilia-RomagnaEarly Christian Monuments of Ravenna
33%
Emilia-RomagnaFerrara, City of the Renaissance, and the Po Delta
33%
ToscanaHistoric Centre of the City of Pienza
33%
PugliaThe Trulli of Alberobello
33%
Friuli-Venezia GiuliaArchaeological Area and the Patriarchal Basilica of Aquileia
27%
UmbriaAssisi, the Basilica of San Francesco and Other Franciscan Sites
27%
MarcheHistoric Centre of Urbino
27%
SiciliaIsole Eolie (Aeolian Islands)
27%
PiemonteIvrea, industrial city of the 20th century
27%
Piemonte/LombardiaSacri Monti of Piedmont and Lombardy
27%
BasilicataThe Sassi and the park of the Rupestrian Churches of Matera
27%
SiciliaVilla romana del Casale
27%
VenetoBotanical Garden, Padua
20%
LombardiaChurch and Dominican Convent of Santa Maria delle Grazie with "The Last Supper" by Leonardo da Vinci
20%
CampaniaCilento and Vallo di Diano National Park with the Archeological sites of Paestum and Velia, and the Certosa di Padula
20%
LombardiaCrespi d'Adda
20%
LazioEtruscan Necropolises of Cerveteri and Tarquinia
20%
Lombardia/Friuli-Venezia Giulia/Umbria/Campania/PugliaLongobards in Italy. Places of the power (568-774 A.D.)
20%
ToscanaMedici Villas and Gardens in Tuscany
20%
ToscanaVal d'Orcia
20%
LombardiaValle Camonica Rock Art
20%
LazioVilla d'Este, Tivoli
20%
Campania18th-Century Royal Palace at Caserta with the Park, the Aqueduct of Vanvitelli, and the San Leucio Complex
13%
LazioHadrian's Villa
13%
SiciliaLate Baroque Towns of the Val di Noto (South-Eastern Sicily)
13%
PiemonteThe Vineyard Landscape of Piedmont: Langhe-Roero and Monferrato
13%
LombardiaMonte San Giorgio
7%
SardegnaSu Nuraxi di Barumini
7%
ToscanaThe Great Spa Towns of Europe/Montecatini Terme
7%
Emilia-Romagna/Lazio/Abruzzo/Basilicata/Puglia/CalabriaAncient and Primeval Beech Forests of the Carpathians and Other Regions of Europe
0%
VenetoPadua's fourteenth-century fresco cycles
0%
Piemonte/Lombardia/Veneto/Trentino-Alto Adige/Friuli-Venezia GiuliaPrehistoric Pile dwellings around the Alps
0%
PiemonteRecidences of the Royal House of Savoy
0%
LombardiaRhaetian Railway in the Albula / Bernina Landscapes
0%
VenetoThe Prosecco Hills of Conegliano and Valdobbiadene
0%
Lombardia/Veneto/Friuli-Venezia GiuliaVenetian Works of Defence between 15th and 17th centuries: Stato da Terra-western Stato da Mar
0%

Score Distribution

Percentile by Number Answered

Percent of People with Each Score

Your Score History

You have not taken this quiz since the last reset